| 000 | 01472nam a2200241Ia 4500 | ||
|---|---|---|---|
| 999 |
_c52058 _d52058 |
||
| 001 | 19064 | ||
| 003 | GE_BSU | ||
| 005 | 20220920151400.0 | ||
| 008 | 181216s2008||||ge |||||||||||||| ||geo|| | ||
| 040 | _cGE_BSU | ||
| 041 | _ageo | ||
| 080 | _a81 მ-86 | ||
| 100 |
_aმოსიაშვილი, ნ. _910568 |
||
| 245 |
_aფერის ლექსიკო - სემანტიკური ველი ინგლისურ და ქართულ ენებში : დისერტაცია / _cნ. მოსიაშვილი; სამეცნიერო ხელმძღვანელი მ. რუსიეშვილი; ბათუმის შოთა რუსთაველის სახეკმწიფო უნივერსიტეტი. |
||
| 264 |
_aბათუმი, _b _c2008. |
||
| 300 |
_a139 გვ. ; _b30 სმ. |
||
| 653 | _aდისერტაცია | ||
| 653 | _aენათმეცნიერება | ||
| 653 | _aფერის ლექსიკო-სემანტიკური ველი ინგლისურ და ქართულ ენებში. | ||
| 700 |
_aრუსიეშვილი, მ. _eსამეცნიერო ხელმძღვანელი _910569 |
||
| 710 |
_aბათუმის შოთა რუსთაველის სახელმწიფოფო უნივერსიტეტი _910570 |
||
| 942 |
_cBK _2udc |
||